| 000 | 00513nam a2200169 a 4500 | ||
|---|---|---|---|
| 001 | 000035754 | ||
| 005 | 20200930074603.0 | ||
| 008 | 111110s2011 dr 000 0 spa d | ||
| 020 | _a9789945879704 | ||
| 040 |
_aDO-SdBNP _bspa _cBNPHU |
||
| 100 | 1 |
_aMendoza, Fellito _961702 |
|
| 245 | 1 | 0 |
_aRadiografía del sistema / _cFellito Mendoza ; editor Miguel A. Ventura E. |
| 260 |
_aSanto Domingo : _bEditora Mave, _c2011. |
||
| 300 |
_a382 p. ; _c23 cm. |
||
| 700 | 1 | 2 |
_aMiguel A. Ventura E. _eed. _961703 |
| 049 | _aBNPD | ||
| 999 |
_c35245 _d35245 |
||